000 00680nam a22002537a 4500
003 UA-OsUOA
001 28711
007 ta
008 20050426b un ||||| |||| 00| 0 ukr d
100 _aГловацький І. Ю.
090 _a343.13(477):35
_bГ54
942 _cBK
040 _aUA-OsUOA
_bukr
_cUA-OsUOA
_dUA-OsUOA
245 _aДіяльність адвоката-захисника у кримінальному процесі
_bНавч. посіб.
300 _a352 с.
955 _a0
041 _aukr
080 _a343.13(477):35
020 _a966-8074-84-Х
260 _aК.
_bАтіка
_c2003
044 _aUA
650 7 _2UDC
999 _c315083
_d315083